000 00851nam a2200265Ia 4500
003 OSt
005 20221005060058.0
006 a|||||r|||| 00| 0
007 ta
008 221004b |||||||| |||| 00| 0 eng d
020 _a9780745308791 (pbk)
_c1957.96
024 _a98166
037 _b09-6448, 30/10/2009, Atlantic Publisher & Dist. Pvt Ltd.
_cTextual
040 _aCRL
_cCRL
_beng
041 _2eng
_aeng
082 _aS8, N6
100 _aParker Ian Ed.
_9463686
245 0 _aPsychology and society
_b Radical theory and practice
260 _aLondon
_bPluto Press Uk
_c1996
300 _axi, 248p.
_ccm.
650 _aPSYCHOLOGY
700 _a Spears Russell Ed.
942 _hS8, N6
_cTEXL
_2cc
999 _c966138
_d966138